000 00376nam a22001697a 4500
005 20170401134628.0
008 170401b xxu||||| |||| 00| 0 eng d
020 _a978-81-317-2141-4
041 _aeng
100 _aHIBBELER,R.C
_93756
245 _aSTRUCTURAL ANALYSIS
250 _a6th
260 _bPERSON
300 _a640
650 _aENGINEERING
_93757
942 _cBK
999 _c5372
_d5370